| 000 | 00391pam a2200169 a 4500 | ||
|---|---|---|---|
| 020 |
_a0-7513-0205-8 _c |
||
| 041 | _h | ||
| 082 | _a641.5 | ||
| 100 |
_aMARY BERRY _eAuthor |
||
| 245 |
_aCOMPLETE COOK BOOK _cMARY BERRY _hTextual Documents |
||
| 250 | _a1st | ||
| 260 |
_alondon _bDORLING KINDERSLEY |
||
| 300 | _a498 | ||
| 653 | _afood production | ||
| 700 | _eCo-Author | ||
| 930 | _a843 | ||
| 999 |
_c228244 _d228244 |
||